MARC

LEADER 00000nam0a2200000 4500
001 304924
005 20231102001741.0
020 |a RU  |b 83-27663 
020 |a RU  |b 83-27663 
035 |a (RuTPU)RU\TPU\book\330183 
090 |a 304924 
100 |a 20150921d1983 km y0rusy5003 ca 
101 0 |a rus 
102 |a RU 
105 |a y z 001zy 
200 1 |a Коллективные формы организации и оплаты труда рабочих на угольных разрезах  |f М. А. Рец 
210 |a Москва  |c Недра  |d 1983 
215 |a 128 с.  |c ил. 
225 1 |a Конкретная экономика для горняков 
320 |a Библиогр.: с. 126-127 
606 1 |a Угольные разрезы  |x Строительство  |2 stltpush  |3 (RuTPU)RU\TPU\subj\62760  |9 79827 
610 1 |a угледобыча открытая 
610 1 |a угольная промышленность 
610 1 |a угольные карьеры 
610 1 |a экономическое стимулирование 
610 1 |a организация труда 
610 1 |a коллективные формы 
610 1 |a заработная плата 
675 |a 622.333.012.3  |z rus  |v 3 
700 1 |a Рец  |b М. А.  |g Мария Алексеевна  |4 070 
801 0 |a RU  |b RuMRKP  |c 19950704  |g psbo 
801 1 |a RU  |b 63413507  |c 20150921 
801 2 |a RU  |b 63413507  |c 20190710  |g RCR 
942 |c BK